| 000 | 00545nam a2200181Ia 4500 | ||
|---|---|---|---|
| 999 |
_c21462 _d21462 |
||
| 003 | OSt | ||
| 005 | 20200615142847.0 | ||
| 008 | 190216s9999||||xx |||||||||||||| ||und|| | ||
| 020 | _a97881317302669 | ||
| 040 | _coclc | ||
| 082 |
_a300 _bPER/C |
||
| 100 |
_aPerry, John A _92920 |
||
| 245 | 0 |
_aContemporary Society An Introduction To Social Science / _cJohn A Perry ; Erna K Perry |
|
| 250 | _a12th Ed. | ||
| 260 |
_bPearson Education, _c2010. _aNew Delhi: |
||
| 300 | _a610p | ||
| 942 |
_cBK _2ddc _h300 _iPER/C _k300 _mPER/C |
||